|
|
|
|
| LEADER |
01148nam a22002894a 4500 |
| 001 |
35608 |
| 003 |
BD-DhAAL |
| 005 |
20211206115852.0 |
| 008 |
240220r20032001enka b 001 0 eng d |
| 999 |
|
|
|c 42249
|d 42249
|
| 020 |
|
|
|a 978761972099
|
| 020 |
|
|
|a 0761972099 (pbk.)
|
| 040 |
|
|
|a DLC
|c DLC
|d DLC
|d BD-DhAAL
|
| 050 |
0 |
0 |
|a LB3061
|b .I74 2001
|
| 082 |
0 |
0 |
|a 371.2540941
|2 21
|
| 100 |
1 |
|
|a Ireson, Judith
|9 39505
|
| 245 |
1 |
0 |
|a Ability grouping in education /
|c Judith Ireson and Susan Hallam.
|
| 260 |
|
|
|a London :
|b Paul Chapman ;
|b Sage,
|c c2001 [2003]
|
| 300 |
|
|
|a viii, 228 pages :
|b illustrations ;
|c 24 cm.
|
| 504 |
|
|
|a Includes bibliographical references (p. 213-225) and index.
|
| 526 |
|
|
|a AAL
|
| 541 |
|
|
|a Complimentary copy from BIED
|e 35608
|
| 650 |
|
0 |
|a Ability grouping in education
|z Great Britain.
|9 39506
|
| 700 |
1 |
|
|a Hallam, Susan.
|9 39507
|
| 852 |
|
|
|a Ayesha Abed Library
|c BIED Collection
|
| 942 |
|
|
|2 ddc
|c BK
|
| 952 |
|
|
|0 0
|1 0
|2 ddc
|4 0
|6 371_254094100000000_IRE
|7 0
|9 68001
|a BRACUL
|b BRACUL
|c GEN
|d 2020-02-24
|e Complimentary copy from BIED
|l 0
|o 371.2540941 IRE
|p 3010035608
|r 2020-02-24
|t 1
|w 2020-02-24
|y BK
|x Transferred from BIED to General Stacks
|